000 00637nam a2200229 i 4500
001 C2-0223197
003 PPAK
005 20180728152135.0
008 000202s1988 my |||| ||||| | may d
040 _aPPAK
_beng
_cPPAK
_erda
082 0 4 _a499.2381
_223
090 0 0 _a499.2381
_bASR
_dKIH
100 0 _aAsraf,
_eauthor
245 1 0 _aSebutan baku Bahasa Melayu berdasarkan prinsip fonemik
264 1 _aPetaling Jaya, Selangor :
_bSasbadi ,
_c1988
300 _a17 pages ;
_c21 cm
336 _2rdacontent
_atext
337 _2rdamedia
_aunmediated
338 _2rdacarrier
_avolume
650 1 0 _aMalay language
942 _ddc
_cB
999 _c144385
_d144385